000 00544nam a2200217 a 4500
001 0001-2222
003 ELIB.Books
008 190803 2010 eng
020 _aKBTS
092 _a280.042
_bWer
100 _aWerner, Dietrich.
245 _aTheological Education in World Christianity
260 _aTaiwan
_bPTCA
_c2011
300 _a285
_c23cm
650 _aTheology
856 _nKBTS Library
_uKBTS Elib
942 _2ddc
_cBK
990 _a1
998 _aEnglishbooks.elf
_ccat
_e2019-08-03
999 _c12222
_d12222